Normal view
MARC view
Entry Personal Name
001 - CONTROL NUMBER
- control field: 24856
003 - CONTROL NUMBER IDENTIFIER
- control field: dpl
005 - DATE AND TIME OF LATEST TRANSACTION
- control field: 20101216115230.0
008 - FIXED-LENGTH DATA ELEMENTS
- fixed length control field: 101216|||a|||||| | ||| d
040 ## - CATALOGING SOURCE
- Original cataloging agency: dpl
- Transcribing agency: dpl
100 ## - HEADING--PERSONAL NAME
- Personal name: जुनेजा, एम.एम.
670 ## - SOURCE DATA FOUND
- Source citation: Work cat.: (dpl)39990: जुनेजा, एम.एम., चन्द्रशेखर आज़ाद:, 2009
670 ## - SOURCE DATA FOUND
- Source citation: Work cat.: (dpl)39990: जुनेजा, एम.एम., चन्द्रशेखर आज़ाद:, 2009
